AMAZING LAND LADAKH: (Record no. 200571)

MARC details
000 -LEADER
fixed length control field 00564nam a22001817a 4500
005 - DATE AND TIME OF LATEST TRANSACTION
control field 20240206151949.0
010 ## - LCCN (DPL NO)
LC control number ENG-139135
020 ## - INTERNATIONAL STANDARD BOOK NUMBER
Terms of availability 150.00
International Standard Book Number 9789388556064
035 ## - SYSTEM CONTROL NUMBER
System control number EN-122667
037 ## - SOURCE OF ACQUISITION
Source of stock number/acquisition DBAD/PUB
082 ## - DEWEY DECIMAL CLASSIFICATION NUMBER
Classification number 954.11
100 ## - MAIN ENTRY--PERSONAL NAME
Personal name BHASIN,SANJEEV KUMAR
245 ## - TITLE STATEMENT
Title AMAZING LAND LADAKH:
Remainder of title PLACES,PEOPLE,AND CULTURE/
Statement of responsibility, etc BY SANJEEV KUMAR BHASIN
260 ## - PUBLICATION, DISTRIBUTION, ETC. (IMPRINT)
Place of publication, distribution, etc UTTAR PRADES
Name of publisher, distributor, etc AMJUMAN PRAKASHAN
Date of publication, distribution, etc 2019
270 ## - ADDRESS
City PRAYAGRAJ
Address 942,Mutthiganj, prayagraj
Postal code 211003
300 ## - PHYSICAL DESCRIPTION
Extent 204p.
Dimensions 21cm(pb)
942 ## - ADDED ENTRY ELEMENTS (KOHA)
Source of classification or shelving scheme Dewey Decimal Classification
Item type English Books
Call number suffix BHA
Classification part 954.11
Holdings
Withdrawn status Lost status Not for loan Collection code Home library Current library Date acquired Source of acquisition Cost, normal purchase price Full call number Barcode Copy number Cost, replacement price Koha item type
      Non-fiction Sarojini Nagar Sarojini Nagar 06/02/2024 DBAD/PUB 150.00 BHA 954.11 EN-122667 1 150.00 English Books

© Delhi Public Library
Hit Counter
free hit counter